000 00459cam a2200193ua 4500
001 8032
008 150105n ii |||gr||||Z||||||hin
040 _cMAIN
041 _ahin
082 _a891.432
100 _aLal, L.,
_eAuthor.
245 1 _aGangamathi
_cBy Lakshinarayan Lal
250 _a1st.
260 _aNew Delhi:
_bPitambar,
_c1977.
300 _a66p.
653 _aEast Indo-European & Celtic literatures
653 _aHindi drama
942 _cBK
999 _c7149
_d7149